The law of literary property (Record no. 435245)

000 -LEADER
fixed length control field 00439cam a22001457a 4500
008 - FIXED-LENGTH DATA ELEMENTS--GENERAL INFORMATION
fixed length control field 180718b1957 xxu||||| |||| 00| 0 eng d
082 ## - DEWEY DECIMAL CLASSIFICATION NUMBER
Classification number U24x73 W784
100 ## - MAIN ENTRY--PERSONAL NAME
Personal name Wittenberg, Philip
245 ## - TITLE STATEMENT
Title The law of literary property
Statement of responsibility, etc. by Philip Wittenberg
260 ## - PUBLICATION, DISTRIBUTION, ETC.
Place of publication, distribution, etc. Cleveland
Name of publisher, distributor, etc. The World
Date of publication, distribution, etc. 1957
300 ## - PHYSICAL DESCRIPTION
Extent 284p.
650 ## - SUBJECT ADDED ENTRY--TOPICAL TERM
Topical term or geographic name entry element Censorship --United States
650 ## - SUBJECT ADDED ENTRY--TOPICAL TERM
Topical term or geographic name entry element Libel and slander --United States
650 ## - SUBJECT ADDED ENTRY--TOPICAL TERM
Topical term or geographic name entry element Copyright --United States
Holdings
Withdrawn status Lost status Damaged status Not for loan Permanent Location Current Location Date acquired Full call number Barcode Date last seen Price effective from Koha item type
        Indian Institute of Public Administration Indian Institute of Public Administration 2010-02-23 U24x73 W784 12700 2018-07-21 2018-07-21 Book

Powered by Koha